Normal view
MARC view
- Hernández-Hernández, Fernando
Entry Nombre Personal
001 - NUMERO DE CONTROL
- campo de control: 56934
003 - IDENTIFICADOR DE NUMERO DE CONTROL
- campo de control: MX-MxUPN
005 - FECHA Y HORA DE LA ÜLTIMA TRANSACCIÓN
- campo de control: 20251111120718.0
008 - DATOS DE LONGITUD FIJA
- campo de control de longitud fija: 250610na acnnnaabn b a|a d
040 ## - FUENTE DE CATALOGACIÓN
- Agencia original de catalogación: MX-MxUPN
100 ## - ENCABEZAMIENTO - NOMBRE PERSONAL
- Nombre personal: Hernández-Hernández, Fernando
670 ## - FUENTE EN LA QUE SE LOCALIZARON DATOS
- Cita de la fuente: Historias de vida en educación: Sujeto, diálogo, experiencia
- Información localizada: Portada: (Coordinación: ...Fernando Hernández), (Autores: ...Fernando Hernández-Hernández)
902 ## - CATALOGADOR
- Catalogador: Maiella Martínez
902 ## - CATALOGADOR
- Catalogador: Berenice Martínez/111125
